| 000 | 00499nam a2200181Ia 4500 | ||
|---|---|---|---|
| 001 | 1767 | ||
| 005 | 20260306143752.0 | ||
| 008 | 260306t2015||||xx |||||||||||||| ||spa|| | ||
| 041 | _aESP | ||
| 082 |
_a155.4 _bB81 |
||
| 100 |
_aBrazelton, T. Berry _eAUT |
||
| 245 | 0 |
_aLas necesidades básicas de la infancia: _blo que cada niño o niña precisa para vivir, crecer y aprender |
|
| 260 | _c2015 | ||
| 300 |
_a260 páginas : _c24 cm. |
||
| 650 | _aGEN | ||
| 654 | _aCPS | ||
| 942 |
_cLIB _dJUS _fJUS _2ddc _n |
||
| 999 |
_c1767 _d1767 |
||